Pobreza, desigualdad social y ciudadanía: los límites de las políticas sociales en América Latina. Parte Pobreza, derechos sociales y ciudadanía /

Salvato in:
Dettagli Bibliografici
Autore principale: Ziccardi, Alicia
Altri autori: comp
Natura: Sconosciuto
Pubblicazione: Buenos Aires: CLACSO. ASDI
Soggetti:
Tags: Aggiungi Tag
Nessun Tag, puoi essere il primo ad aggiungerne!!

MARC

LEADER 00000 a2200000 04500
001 19277
003
008 991231s d
040
090 |a 145602  
100 |a Ziccardi, Alicia  
245 |a Pobreza, desigualdad social y ciudadanía: los límites de las políticas sociales en América Latina. Parte Pobreza, derechos sociales y ciudadanía /  |c Alicia Ziccardi 
260 |a Buenos Aires:   |b CLACSO. ASDI  
300 |a 462 p  
500 |a Disponible en Cd, en No. 194101  
650 |a NACIONALIDAD  
650 |a DERECHOS CIVILES  
650 |a DEMOCRACIA  
650 |a DEMOCRATIZACION  
700 |a comp  
999 |c 16604  |d 16604